| 000 | 00541nam a2200193 a 4500 | ||
|---|---|---|---|
| 001 | 10007 | ||
| 005 | 20180713194037.0 | ||
| 008 | 140415s1990 mx 000 0 spa d | ||
| 041 | _aspa | ||
| 082 |
_a300.72 _bCOM |
||
| 100 | 1 | _aCOMBONI, SONIA | |
| 245 | 1 | 0 | _aINTRODUCCION A LAS TECNICAS DE INVESTIGACION |
| 250 | _a1a ed. | ||
| 260 |
_aMEXICO : _bTRILLAS, _c1990 |
||
| 300 | _a134 | ||
| 490 | _aBIBLIOTECA UNIVERSITARIA BASICA | ||
| 650 | 1 | 4 |
_aCIENCIAS SOCIALES _xINVESTIGACION |
| 700 | 1 |
_aJUAREZ, JOSE MANUEL _ecoaut. |
|
| 999 |
_c10007 _d10007 |
||